000
00216 a2200097 4500
001
47728
100
_a
Ditfurth H
245
_a
Children of the universe
260
_a
London
_b
George Allen
_c
090
_c
30732
_d
30732
942
_a
NUST-CAE
_c
M
_c
23039
999
_c
282801
_d
282801